000 00514nam a2200169Ia 4500
003 GCL
008 140319s9999 xx 000 0 eng d
040 _aGCL /
_cGCL
082 0 4 _a912.4
_bJ E
100 1 _aJOHNS, LOVELL
245 1 0 _aTHE EUROPEAN UNION: POLITICAL MAP MEMBER STATES, REGIONS AND ADMINISTRATIVE UNITS /
_cJOHNS, LOVELL
260 _a[S.N] :
_bTHE OFFICE OFFICIAL PUBLICATIONS OF THE ،
_c1996
650 0 4 _aMAPS
650 0 4 _aPOLITICAL GEOGRAPHY
650 0 4 _aEUROPEAN UNION
942 _2ddc
_cBK
999 _c13349
_d13349